LEADER 00774nam0 2200253 450 001 000005387 005 20080606154540.0 010 $a88-7303-850-6 100 $a20040408d2001----km-y0itay50------ba 101 1 $aita 102 $aIT 200 1 $aProgrammare in C$eguida completa$fPeter Aitken, Bradley L. Jones 210 $aMilano$cApogeo$d2001c 215 $aXVI, 624 p.$d24 cm 454 1$12001$aTeach yourself C in 21 days$938678 610 1 $aElaboratori elettronici$aLinguaggio C 676 $a005.133 700 1$aAitken,$bPeter$042713 701 1$aJones,$bBradley L.$042705 801 0$aIT$bUNIPARTHENOPE$gRICA$2UNIMARC 912 $a000005387 951 $cPIST$aP1 005-P/2$b36667$d20040408 996 $aTeach yourself C in 21 days$938678 997 $aUNIPARTHENOPE